000 00652nam a22001577a 4500
999 _c60501
_d60501
005 20230808123729.0
008 230808s1986 gw ||||| |||| 00| 0 ger d
041 _ager
080 _a94+008 K-85
100 _aKrüger, Bruno
_919637
245 _aDie Germanen :
_bGeschichte und Kultur der germanischen Stämme in Mitteleuropa. Ein Handbuch in zwei Bänden. Band 2 /
_cBruno Krüger.
264 _aBerlin:
_b Akademie-Verlag,
_c1986.
300 _a714 p. ;
_b24 cm.
653 _aგერმანული ტომების ისტორია და კულტურა ცენტრალურ ევროპაში
942 _2udc
_cBK